Classement général Tour de France 2020 - Statistiques

Statistiques générales
  • Ce quiz a été pris 880 fois
  • Le résultat moyen est 15 sur 20
Statistiques - réponses
Place Nationalité Equipe Réponse Temps % Correct
1er Slovénie UAE Team Emirates Tadej Pogacar 87h 20' 05''
100%
2eme Slovénie Team Jumbo-Visma Primoz Roglic +59''
98%
11eme France Cofidis Guillaume Martin +16' 58''
92%
17eme Colombie Team Arkéa-Samsic Nairo Quintana +1h 03' 07''
90%
14eme France Team Arkéa-Samsic Warren Barguil +31' 04''
90%
9eme Royaume-Uni Michelton-Scott Adam Yates +9' 25''
88%
5eme Espagne Movistar Team Enric Mas +6' 07''
87%
13eme Equateur Ineos Grenadiers Richard Carapaz +25' 53''
85%
12eme Espagne Movistar Team Alejandro Valverde +17' 41''
83%
3eme Australie Trek-Segafredo Richie Porte +3' 30''
81%
20eme Belgique Team Jumbo-Visma Wout van Aert + 01h 20' 31''
81%
8eme Colombie EF Pro Cycling Rigoberto Uran +8' 52''
80%
4eme Espagne Bahrain-McLaren Mikel Landa +5' 58''
79%
15eme Etats-Unis Team Jumbo-Visma Sepp Kuss +42' 20''
77%
6eme Colombie Astana Pro Team Miguel Angel Lopez +6' 47''
73%
18eme France B&B-Vital Concept Pierre Rolland +1h 08' 26''
70%
7eme Pays-Bas Team Jumbo-Visma Tom Dumoulin +7' 48''
67%
10eme Italie Bahrain-McLaren Damiano Caruso +14' 03''
55%
16eme Espagne Bahrain-McLaren Pello Bilbao +55' 56''
51%
19eme Espagne Movistar Team Carlos Verona +01h 19' 54''
25%
Aucun quiz correspondant
Distribution des résultats
% des personnes avec chaque résultat
Percentile par nombre de réponses
Votre historique - résultats
Vous n’avez pas pris ce quiz